Ginecologia en esquemas (Registro nro. 2932)
[ vista simple ]
| 000 -LEADER | |
|---|---|
| fixed length control field | 00246nam a22000977a 4500 |
| 008 - FIXED-LENGTH DATA ELEMENTS--GENERAL INFORMATION | |
| fixed length control field | 190425e1990 Ag ||||| |||| 00| 0 spa d |
| 100 ## - MAIN ENTRY--PERSONAL NAME | |
| Personal name | Comparato, Mario |
| 245 ## - TITLE STATEMENT | |
| Title | Ginecologia en esquemas |
| 260 ## - PUBLICATION, DISTRIBUTION, ETC. (IMPRINT) | |
| Place of publication, distribution, etc | Buenos Aires |
| Name of publisher, distributor, etc | El Ateneo |
| Date of publication, distribution, etc | 1990 |
| 500 ## - GENERAL NOTE | |
| Materials specified | Baja |
No hay ítems disponibles.